| 000 | 00929nam a22002898a 4500 | ||
|---|---|---|---|
| 001 | 3989928 | ||
| 005 | 20200421093821.0 | ||
| 008 | 050409s2005 enk e 000 1 eng | ||
| 015 |
_aGBA530926 _2bnb |
||
| 020 |
_a0140449973 (pbk.) : _c£10.99 |
||
| 035 | _a(Uk)013174582 | ||
| 035 | _a1145717 | ||
| 040 | _aStDuBDS | ||
| 041 | 1 |
_aeng _hrus |
|
| 082 | 0 | 4 |
_a891.733 _222 |
| 100 | 1 |
_aBabelʹ, I. _q(Isaak), _d1894-1941. _9315 |
|
| 245 | 1 | 0 |
_aRed cavalry and other stories / _cIssac Babel ; edited with notes by Efraim Sicher ; translated with an introduction by David McDuff. |
| 260 |
_aLondon : _bPenguin, _c2005, c1994. |
||
| 263 | _a200507 | ||
| 300 |
_a364 p. ; _c20 cm. |
||
| 440 | 0 | _aPenguin classics | |
| 546 | _aTranslated from the Russian. | ||
| 600 | 1 | 0 |
_aBabelʹ, I. _q(Isaak), _d1894-1941. _vTranslations into English. _9876 |
| 700 | 1 |
_aSicher, Efraim. _9316 |
|
| 700 | 1 |
_aMcDuff, David, _d1945- |
|
| 942 |
_2ddc _cBK |
||
| 999 |
_c182 _d182 |
||